<?xml version="1.0" encoding="UTF-8"?>
<record
    xmlns:xsi="http://www.w3.org/2001/XMLSchema-instance"
    xsi:schemaLocation="http://www.loc.gov/MARC21/slim http://www.loc.gov/standards/marcxml/schema/MARC21slim.xsd"
    xmlns="http://www.loc.gov/MARC21/slim">

  <leader>00906nab a2200265 uc4500</leader>
  <controlfield tag="001">691117</controlfield>
  <controlfield tag="005">20240907090918.0</controlfield>
  <controlfield tag="008">010913e20001228                    spa  </controlfield>
  <datafield tag="035" ind1=" " ind2=" ">
    <subfield code="a">691117</subfield>
  </datafield>
  <datafield tag="035" ind1=" " ind2=" ">
    <subfield code="a">(OCoLC)819916100</subfield>
  </datafield>
  <datafield tag="040" ind1=" " ind2=" ">
    <subfield code="c">comduadb</subfield>
  </datafield>
  <datafield tag="041" ind1=" " ind2=" ">
    <subfield code="a">spa</subfield>
  </datafield>
  <datafield tag="100" ind1="1" ind2="0">
    <subfield code="a">Argarate, Pablo</subfield>
    <subfield code="4">aut</subfield>
    <subfield code="e">aut</subfield>
    <subfield code="9">303132</subfield>
  </datafield>
  <datafield tag="245" ind1="1" ind2="3">
    <subfield code="a">La persona, recapitulacion dinamica de la creacion a partir del pensamiento de M. F. Sciacca</subfield>
  </datafield>
  <datafield tag="650" ind1=" " ind2=" ">
    <subfield code="a">Sciacca, Miguel Federico</subfield>
    <subfield code="9">52149</subfield>
  </datafield>
  <datafield tag="650" ind1=" " ind2="7">
    <subfield code="a">Metaf&#xED;sica</subfield>
    <subfield code="2">lemb</subfield>
    <subfield code="9">2121</subfield>
  </datafield>
  <datafield tag="650" ind1=" " ind2="7">
    <subfield code="a">Filosof&#xED;a colombiana</subfield>
    <subfield code="2">lemb</subfield>
    <subfield code="9">7880</subfield>
  </datafield>
  <datafield tag="650" ind1=" " ind2=" ">
    <subfield code="a">Persona</subfield>
    <subfield code="9">62802</subfield>
  </datafield>
  <datafield tag="650" ind1=" " ind2="7">
    <subfield code="a">Creaci&#xF3;n</subfield>
    <subfield code="2">lemb</subfield>
    <subfield code="9">1540</subfield>
  </datafield>
  <datafield tag="650" ind1=" " ind2=" ">
    <subfield code="a">Ser (Filosof&#xED;a)</subfield>
    <subfield code="9">49614</subfield>
  </datafield>
  <datafield tag="650" ind1=" " ind2="7">
    <subfield code="a">Seres humanos</subfield>
    <subfield code="2">lemb</subfield>
    <subfield code="9">1523</subfield>
  </datafield>
  <datafield tag="650" ind1=" " ind2=" ">
    <subfield code="a">Eternidad</subfield>
    <subfield code="9">36049</subfield>
  </datafield>
  <datafield tag="773" ind1="0" ind2=" ">
    <subfield code="t">An&#xE1;mnesis : Revista de Teolog&#xED;a (M&#xE9;xico)</subfield>
    <subfield code="g">Volumen 10, N&#xFA;mero 02, Julio-Diciembre 2000, p. 155-177</subfield>
    <subfield code="w">101944</subfield>
    <subfield code="x">0188-9567</subfield>
    <subfield code="0">90835</subfield>
  </datafield>
  <datafield tag="942" ind1=" " ind2=" ">
    <subfield code="c">ARIMP</subfield>
  </datafield>
  <datafield tag="999" ind1=" " ind2=" ">
    <subfield code="c">213947</subfield>
    <subfield code="d">213947</subfield>
  </datafield>
</record>
